1728 1042 1452 1401 1458 1457 1186 1430 1522 1313 1642 1409 1367 1827 1507 1356 1961 1992 1148 1777 1036 1016 1602 1849 1140 1365 1738 1794 1503 1230 1873 1244 1986 1245 1628 1741 1255 1888 1204 1981 1898 1127 1120 1739 1541 1633 1556 1247 1112 1675 1514 1404 1172 1627 1027 1722 1953 1560 1770 1696 1267 1725 1204 1364 1464 1056 1455 1748 1752 1004 1981 1705 1576 1005 1563 1657 1028 1654 1353 1550 1057 1795 1067 1141 1916 1599 1873 1830 1567 1794 1536 1961 1832 1798 1632 1001 1956 1201 1338 BCNSPRNW ULIB Ver.6.0+V

เปลี่ยนเป็นภาษาไทย

Change to English
 แสดงรายละเอียดบรรณานุกรม
  กลับหน้าหลัก

Brief Record : Get Marc (ISO 2709) : E-mail record : QR code < ปิดหน้าต่าง
LEADER : 00000nam 2200000uu 4500
001    13399114281
003     ULIB
008    120321s||||||||th 000 0 tha d
020    ^a9789748287850
050  4 ^aTP248.16^bว336ศ
100 0  ^aวรุณวรรณ ผาโคตร
245 10 ^aศัพท์ :^bเทคโนโลยีชีวภาพ สิ่งแวดล้อมและการแพทย์ทางเลือก /^cวรุณวรรณ ผาโคตร
246 30 ^aศัพท์ :^bเทคโนโลยีชีวภาพ อาชีวอนามัย
246 31 ^aVocabulary in biotechnology environment and alternative
246 31 ^aVocabulary in biotechnology environment occupational
250    ^aพิมพ์ครั้งที่ 1
260    ^aกรุงเทพฯ :^bเค. เอส. พี. การพิมพ์,^c2552
300    ^a197 หน้า ;^c15 ซม.
650  4 ^aเทคโนโลยีชีวภาพ^vพจนานุกรม
650  4 ^aสิ่งแวดล้อม^vพจนานุกรม
650  4 ^aการแพทย์ทางเลือก^vพจนานุกรม
700 0  ^aสิรนาท นุชนาถ
945    ^p199^l0^i031316
945    ^p199^l0^i031317
945    ^p199^l0^i031318
995    ^aทศพร
999 ^a ทศพร
รายการนี้ยังไม่มีแท็ก
คุณยังไม่ได้ล็อกอิน คุณสามารถมีกิจกรรมร่วมกับเว็บไซต์ได้ แต่ต้องล็อกอินก่อน ::
  ล็อกอิน

รายการสื่อสารสนเทศ

ลำดับที่ ประเภท เลขเรียก/บาร์โค้ด สถานที่ สถานะ
- ไม่พบข้อมูล -

รายการใกล้เคียง
    ผู้แต่ง [วรุณวรรณ ผาโคตร]

BibComment


ยังไม่เคยถูกคอมเมนท์

คอมเมนท์ทรัพยากรรายการนี้
  คอมเมนท์: ศัพท์ เทคโนโลยี..


 Copyright 2026. Bcnsprnw @Library